[Event "San Francisco TNM Winter op"]
[Site "San Francisco"]
[Date "2014.02.18"]
[Round "7"]
[White "Kottcamp, Jeff"]
[Black "Olson, David L"]
[Result "1-0"]
[WhiteElo "1678"]
[BlackElo "1415"]
[PlyCount "49"]
[EventDate "2014.01.07"]
[EventType "swiss"]
[EventRounds "8"]
[EventCountry "USA"]
[SourceTitle "EXT 2016"]
[Source "ChessBase"]
[SourceDate "2015.10.08"]
[SourceVersion "1"]
[SourceVersionDate "2015.10.08"]
[SourceQuality "1"]

1. e4 e5 2. Nf3 Nc6 3. Bc4 Nf6 4. Ng5 d5 5. exd5 Nxd5 6. Nxf7 Kxf7 7. Qf3+ Qf6 8. Bxd5+ Be6 9. Bxc6 Qxf3 10. Bxf3 c6 11. 0-0 Bf5 12. d3 Bc5 13. Be3 Bd4 14. Bxd4 exd4 15. Nd2 Rac8 16. Rfe1 Rc7 17. Re5 g6 18. Rae1 c5 19. Nc4 Rd8 20. Rd5 Rb8 21. Nd6+ Kg8 22. Nxf5 gxf5 23. Rxf5 b5 24. b3 a5 25. h3 1-0

[Event "San Francisco TNM Winter op"]
[Site "San Francisco"]
[Date "2014.01.14"]
[Round "2"]
[White "McCarty Snead, Fianna P"]
[Black "Kottcamp, Jeff"]
[Result "0-1"]
[WhiteElo "473"]
[BlackElo "1678"]
[PlyCount "36"]
[EventDate "2014.01.07"]
[EventType "swiss"]
[EventRounds "8"]
[EventCountry "USA"]
[SourceTitle "EXT 2016"]
[Source "ChessBase"]
[SourceDate "2015.10.08"]
[SourceVersion "1"]
[SourceVersionDate "2015.10.08"]
[SourceQuality "1"]

1. e4 c5 2. Bc4 e6 3. Nf3 d5 4. exd5 exd5 5. Qe2+ Be6 6. Bb5+ Nd7 7. Nh4 Qxh4 8. 0-0 Ngf6 9. d3 Bd6 10. g3 Qh3 11. Qf3 0-0 12. d4 cxd4 13. Bd3 Ne5 14. Qe2 Rae8 15. Bb5 Re7 16. Bg5 Bg4 17. Qd2 Nf3+ 18. Kh1 Qxh2# 0-1

[Event "San Francisco TNM Spring op"]
[Site "San Francisco"]
[Date "2013.04.23"]
[Round "6"]
[White "Kottcamp, Jeff"]
[Black "Maser, Thomas F"]
[Result "1/2-1/2"]
[WhiteElo "1723"]
[BlackElo "1979"]
[PlyCount "79"]
[EventDate "2013.03.19"]
[EventType "swiss"]
[EventRounds "8"]
[EventCountry "USA"]
[SourceTitle "EXT 2016"]
[Source "ChessBase"]
[SourceDate "2015.10.08"]
[SourceVersion "1"]
[SourceVersionDate "2015.10.08"]
[SourceQuality "1"]

1. e4 e5 2. Nf3 Nc6 3. Bc4 Nf6 4. Ng5 d5 5. exd5 Na5 6. Bb5+ c6 7. dxc6 bxc6 8. Be2 h6 9. Nf3 e4 10. Ne5 Bd6 11. d4 exd3 12. Nxd3 0-0 13. 0-0 Re8 14. Nc3 Qc7 15. h3 Ba6 16. Re1 Rad8 17. Bf1 c5 18. Rxe8+ Rxe8 19. Bd2 Nc4 20. Kh1 Qe7 21. b3 Nxd2 22. Qxd2 Bxd3 23. Qxd3 Qe5 24. g3 Ne4 25. Qxe4 Qxe4+ 26. Nxe4 Rxe4 27. Rd1 Rd4 28. Bd3 Kf8 29. Kg2 Be7 30. Kf3 Rd6 31. Ke4 Rd4+ 32. Ke3 Rd6 33. a3 Bf6 34. Rb1 Bd4+ 35. Ke2 Re6+ 36. Kf1 Rf6 37. f4 g5 38. Ke2 gxf4 39. gxf4 Rxf4 40. Rf1 1/2-1/2

[Event "San Francisco TNM Winter op"]
[Site "San Francisco"]
[Date "2013.01.22"]
[Round "3"]
[White "Langrog, Alex"]
[Black "Kottcamp, Jeff"]
[Result "0-1"]
[WhiteElo "1332"]
[BlackElo "1725"]
[PlyCount "27"]
[EventDate "2013.01.08"]
[EventType "swiss"]
[EventRounds "8"]
[EventCountry "USA"]
[SourceTitle "EXT 2016"]
[Source "ChessBase"]
[SourceDate "2015.10.08"]
[SourceVersion "1"]
[SourceVersionDate "2015.10.08"]
[SourceQuality "1"]

1. e4 c5 2. Nf3 d6 3. d4 cxd4 4. Nxd4 Nf6 5. Nc3 a6 6. Bg5 e6 7. Be2 Be7 8. 0-0 0-0 9. Kh1 b5 10. a4 b4 11. Nb1 Nxe4 12. Bxe7 Qxe7 13. Bd3 Bb7 14. Re1 0-1

[Event "San Francisco TNM Winter op"]
[Site "San Francisco"]
[Date "2013.01.08"]
[Round "1"]
[White "Rumph, Todd"]
[Black "Kottcamp, Jeff"]
[Result "1-0"]
[WhiteElo "2199"]
[BlackElo "1725"]
[PlyCount "95"]
[EventDate "2013.01.08"]
[EventType "swiss"]
[EventRounds "8"]
[EventCountry "USA"]
[SourceTitle "EXT 2016"]
[Source "ChessBase"]
[SourceDate "2015.10.08"]
[SourceVersion "1"]
[SourceVersionDate "2015.10.08"]
[SourceQuality "1"]

1. c4 f5 2. Nc3 Nf6 3. g3 g6 4. Bg2 Bg7 5. d3 d6 6. e4 fxe4 7. dxe4 e5 8. Nge2 Nc6 9. 0-0 0-0 10. h3 Be6 11. Nd5 Qd7 12. Kh2 Ne7 13. Be3 Rad8 14. Qc2 a6 15. b4 c6 16. Nxe7+ Qxe7 17. Rac1 d5 18. Bc5 Qd7 19. Bxf8 Bxf8 20. cxd5 cxd5 21. exd5 Nxd5 22. a3 Qf7 23. Qb2 Bg7 24. Qd2 Qf8 25. Rcd1 Bf6 26. Qc2 Rc8 27. Qe4 Rd8 28. Qf3 Qe7 29. Nc3 Nxc3 30. Qxc3 Rc8 31. Qe3 Rc7 32. Bd5 Kg7 33. Bxe6 Qxe6 34. Rd2 Qe7 35. Re1 Bg5 36. f4 exf4 37. Qxe7+ Bxe7 38. gxf4 a5 39. Re4 axb4 40. axb4 Kf6 41. Rde2 Bf8 42. Kg2 Kf5 43. R2e3 Rc2+ 44. Kf3 Rb2 45. Re6 Bg7 46. Rb6 Bd4 47. Rb5+ Kf6 48. Rd3 1-0